Композиционные спеченные антифрикционные материалы

Detalles Bibliográficos
Autor Principal: Федорченко И. М. Иван Михайлович
Outros autores: Пугина Л. И. Лия Ивановна
Idioma:ruso
Publicado: Киев, Наук. думка, 1980
Subjects:
Formato: MixedMaterials Libro
KOHA link:https://koha.lib.tpu.ru/cgi-bin/koha/opac-detail.pl?biblionumber=80566

MARC

LEADER 00000nam0a2200000 4500
001 80566
005 20231031094651.0
020 |a RU  |b 81-30053 
035 |a (RuTPU)RU\TPU\book\86596 
090 |a 80566 
100 |a 20050907d1980 k a0rusy5003 ca 
101 0 |a rus 
102 |a un 
105 |a a z 001zy 
200 1 |a Композиционные спеченные антифрикционные материалы  |f И. И. Федорченко, Л. И.Пугина 
210 |a Киев  |c Наук. думка  |d 1980 
215 |a 403 с.  |c ил., 8 л. ил.  |d 25 см. 
320 |a Библиогр.: с. 366-401 
610 1 |a антифрикционные материалы 
610 1 |a металлокерамические детали 
675 |a 621.762:669  |z rus 
700 1 |a Федорченко  |b И. М.  |g Иван Михайлович  |4 070 
701 1 |a Пугина  |b Л. И.  |g Лия Ивановна  |4 070 
801 0 |a RU  |b RuMRKP  |c 19950704  |g psbo 
801 1 |a RU  |b 63413507  |c 20050907  |g PSBO 
801 2 |a RU  |b 63413507  |c 20051119  |g PSBO 
942 |c BK